00701 a2200193 4500010001400000020002600014035001300040037001600053082001400069090001500083100002000098245010600118260005000224300002900274500002100303942002900324999001500353952013900368 aENG-88783 c395.00a9780070223684 aEN-72316 bDBAD / PUB14a621.38456 c9355d93551 aRussell, Travis1 aThe IP multimedia subsystem (IMS) :cby Travis Russellbsession control and other network operations/ aNew DelhibTata McGraw-Hill Publishingc2008 axvi, 224p.c21cm (pbk ) aIncludes index adplcENk621.38456 / RUS c9185d9185 00102ddc40718NFICaDBADbDBADeDBAD/PUBg395.00l0o621.38456 RUSpEN-72316r2008-09-15 00:00:00t1u10145v395.00w2008-09-15yEN